• 首页
  • 本馆介绍
  • 公告通知
  • 最新文献
  • 馆藏检索
  • 电子资源
  • 读者导购
  • 参考咨询
  • 我的图书馆
  • 登录
  • 详细信息显示
  • 放入我的书架
  • 预约/预借图书
  • 作者相关作品
  • 分类相关作品
  • 丛书相关作品
  • 出版社相关作品

书目信息

  • 表格格式
  • 工作单格式
  • 卡片格式
题名:
西式烹调
    
 
作者: 劳动和社会保障部教材办公室 组织编写
分册:  
出版信息: 北京   中国劳动社会保障出版社  2000.08
页数: 336页
开本: 19cm
丛书名:
单 册:
中图分类: TS972.118
科图分类:
主题词: 饮食业--供应技术
电子资源:
ISBN: 7-5045-2830-7
000 00799nam0 2200217 450
001 0740240750
005 20080108205114.08
010    @a7-5045-2830-7@dCNY18.00
100    @a20071225d2000 km y0chiy0120 ea
101 0  @achi
200 1  @a西式烹调@Axi shi peng diao@e中级@f劳动和社会保障部教材办公室组织编写@Flao dong he she hui bao zhang bu jiao cai ban gong shi zu zhi bian xie
210    @a北京@c中国劳动社会保障出版社@d2000.08
215    @a336页@d19cm
300    @a劳动预备制教材 职业培训教材
517 1  @a中级@Azhong ji
606 0  @a饮食业@x供应技术
690    @aTS972.118@v4
701  0 @a劳动和社会保障部教材办公室@Alao dong he she hui bao zhang bu jiao cai ban gong shi@4组织编写
801  0 @aCN@b大连网信软件有限公司图书馆@c20080108
905    @aBZT@dTS972.118@e1
906    @dCNY18.00@n0@r1
    
    西式烹调:中级/劳动和社会保障部教材办公室组织编写.-北京:中国劳动社会保障出版社,2000.08
    336页;19cm
    劳动预备制教材 职业培训教材
    
    ISBN 7-5045-2830-7:CNY18.00
    
●
相关链接 在五车中查询图书 在当当中查询图书 在豆瓣中查询图书


正题名:西式烹调     索取号:TS972.118/1         预约/预借

序号 登录号 条形码 馆藏地/架位号 状态 备注
1 639710   2000639710   中心书库中库/ 中库024架A面3列2层24/ [索取号:TS972.118/1] 在馆    
2 639711   2000639711   中心书库中库/ 中库024架A面3列2层19/ [索取号:TS972.118/1] 在馆    
3 639712   2000639712   中心书库中库/ 中库024架A面3列2层20/ [索取号:TS972.118/1] 在馆    
4 639713   2000639713   中心书库中库/ 中库024架A面3列2层23/ [索取号:TS972.118/1] 在馆    
5 639714   2000639714   中心书库中库/ 中库024架A面3列2层27/ [索取号:TS972.118/1] 在馆    
6 639715   2000639715   中心书库中库/ 中库024架A面3列2层22/ [索取号:TS972.118/1] 在馆    
7 639716   2000639716   中心书库中库/ 中库024架A面3列2层28/ [索取号:TS972.118/1] 在馆    
8 639717   2000639717   中心书库中库/ 中库024架A面3列2层25/ [索取号:TS972.118/1] 在馆    
9 639718   2000639718   中心书库中库/ 中库024架A面3列2层26/ [索取号:TS972.118/1] 在馆    
10 639719   2000639719   中心书库中库/ 中库024架A面3列2层21/ [索取号:TS972.118/1] 在馆    
山东省滨州职业学院图书馆 欢迎您!
大连网信软件有限公司© 版权所有